000 00715nam a2200229 a 4500
001 69679
003 BD-RjUL
005 20241009143146.0
008 170413s1966 enka 001 0 eng d
035 _a(BD-RjUL)69679
040 _aBD-RjUL
_beng
_cBD-RjUL
_dBD-RjUL
041 _aeng
082 _223
_a541
_bBAF 1966
100 1 _aBarnard, Alan Keith.
_9206395
245 1 0 _aFundamentals of physical chemistry :
_ba unified approach /
_cA.K. Barnard and A.L. Mansell
260 _aLondon :
_bMcGraw-Hill,
_cc1966
300 _a251 p. :
_bill. ;
_c23 cm
500 _aIncludes index.
650 0 _aChemistry, Physical and theoretical
_9206396
700 1 _aMansell, A. L.
_q(Anthony Lowe).
_913775
942 _2ddc
_cBK
999 _c69679
_d69679